[Event "Winnipeg February Sect-A"]
[Site "Winnipeg CAN"]
[Date "2008.02.10"]
[Round "5"]
[White "Liu, Weixi"]
[Black "Bince, Rolando"]
[Result "0-1"]
[WhiteElo "1905"]
[BlackElo "1924"]
[PlyCount "90"]
[GameId "2160767910413560"]
[EventDate "2008.02.10"]
[EventType "tourn"]
[EventRounds "5"]
[EventCountry "CAN"]
[SourceTitle "EXT 2019"]
[Source "ChessBase"]
[SourceDate "2018.10.10"]
[SourceVersion "1"]
[SourceVersionDate "2018.10.10"]
[SourceQuality "1"]

1. d4 Nf6 2. c4 e6 3. Nf3 Bb4+ 4. Nbd2 c5 5. a3 Qa5 6. e3 Nc6 7. Bd3 cxd4 8. exd4 d5 9. O-O Bxd2 10. Bxd2 Qb6 11. c5 Qc7 12. b4 a6 13. a4 O-O 14. b5 Ne7 15. Ne5 Ng6 16. f4 Ne4 17. b6 Qd8 18. Rf3 f5 19. Rh3 Nf6 20. Be2 Ne4 21. Bh5 Nxe5 22. fxe5 Bd7 23. Bb4 Bc6 24. Bd2 Qe7 25. Be2 Rf7 26. Bd3 g6 27. Bc2 h5 28. Bf4 Rh7 29. a5 Rf8 30. Rc1 Qf7 31. Ra3 Qe7 32. Ba4 g5 33. Bd2 Rg7 34. Be1 g4 35. Qe2 Re8 36. Rc2 Qg5 37. Bd2 f4 38. Qf1 Rf7 39. Kh1 Nxd2 40. Rxd2 f3 41. Rf2 fxg2+ 42. Qxg2 Qc1+ 43. Qg1 Qxa3 44. Rxf7 Kxf7 45. Qf2+ Qf3+ 0-1

[Event "Winnipeg February Sect-B"]
[Site "Winnipeg CAN"]
[Date "2008.02.08"]
[Round "1"]
[White "Green, Jim"]
[Black "Gannon, Keith"]
[Result "0-1"]
[WhiteElo "1695"]
[BlackElo "1678"]
[PlyCount "88"]
[GameId "2160767910413561"]
[EventDate "2008.02.10"]
[EventType "tourn"]
[EventRounds "5"]
[EventCountry "CAN"]
[SourceTitle "EXT 2019"]
[Source "ChessBase"]
[SourceDate "2018.10.10"]
[SourceVersion "1"]
[SourceVersionDate "2018.10.10"]
[SourceQuality "1"]

1. Nf3 Nf6 2. g3 g6 3. Bg2 Bg7 4. O-O O-O 5. d3 d5 6. Nbd2 c5 7. Re1 Nc6 8. c3 Re8 9. e4 e5 10. Qe2 d4 11. Nf1 Qc7 12. Bg5 Bg4 13. h3 Be6 14. cxd4 Nxd4 15. Nxd4 cxd4 16. Rec1 Qd6 17. b3 Rac8 18. Rxc8 Rxc8 19. Rc1 Rxc1 20. Bxc1 Qd7 21. Kh2 Ne8 22. Nd2 Bh6 23. Bb2 b5 24. Nf3 Bg7 25. Ng5 h6 26. Nxe6 Qxe6 27. Qc2 Qd7 28. Ba3 a5 29. Bb2 Bf8 30. h4 h5 31. Bh3 Qb7 32. Qd2 b4 33. f4 Bh6 34. Qf2 Qc7 35. f5 Be3 36. Qe2 Kg7 37. fxg6 fxg6 38. Be6 Nf6 39. Bc4 Ng4+ 40. Kg2 Qe7 41. Ba1 Qd7 42. Bb2 Nf2 43. g4 hxg4 44. Bc1 g3 0-1

[Event "Winnipeg February Sect-B"]
[Site "Winnipeg CAN"]
[Date "2008.02.08"]
[Round "1"]
[White "Kong, Dezheng"]
[Black "Greenberg, Harley"]
[Result "1-0"]
[WhiteElo "1807"]
[BlackElo "1784"]
[PlyCount "87"]
[GameId "2160767910413562"]
[EventDate "2008.02.10"]
[EventType "tourn"]
[EventRounds "5"]
[EventCountry "CAN"]
[SourceTitle "EXT 2019"]
[Source "ChessBase"]
[SourceDate "2018.10.10"]
[SourceVersion "1"]
[SourceVersionDate "2018.10.10"]
[SourceQuality "1"]

1. d4 Nf6 2. c4 e6 3. g3 c5 4. Nf3 b6 5. Bg2 Bb7 6. O-O cxd4 7. Nxd4 Bxg2 8. Kxg2 d5 9. Qa4+ Qd7 10. Qxd7+ Nbxd7 11. cxd5 Nxd5 12. Nd2 Rc8 13. N2b3 e5 14. Nf5 g6 15. Ne3 Nxe3+ 16. fxe3 Nc5 17. Nxc5 Bxc5 18. Bd2 Ke7 19. Rad1 a5 20. Bc3 Ke6 21. e4 Rhd8 22. Rd3 Rxd3 23. exd3 Bd4 24. Bxd4 exd4 25. Rf2 b5 26. Rd2 b4 27. Kf2 Ke5 28. Ke2 a4 29. Kd1 f5 30. exf5 Kxf5 31. Rf2+ Ke5 32. Re2+ Kd5 33. h4 b3 34. axb3 axb3 35. Ke1 Rf8 36. Rf2 Re8+ 37. Re2 Re3 38. Rxe3 dxe3 39. g4 h6 40. Kd1 Kd4 41. Ke2 g5 42. h5 Kd5 43. Kxe3 Ke5 44. d4+ 1-0

[Event "Winnipeg February Sect-B"]
[Site "Winnipeg CAN"]
[Date "2008.02.08"]
[Round "1"]
[White "Wiebe, Daniel"]
[Black "Rutter, Blair"]
[Result "0-1"]
[WhiteElo "1848"]
[BlackElo "1809"]
[PlyCount "78"]
[GameId "2160767910413563"]
[EventDate "2008.02.10"]
[EventType "tourn"]
[EventRounds "5"]
[EventCountry "CAN"]
[SourceTitle "EXT 2019"]
[Source "ChessBase"]
[SourceDate "2018.10.10"]
[SourceVersion "1"]
[SourceVersionDate "2018.10.10"]
[SourceQuality "1"]

1. e4 e6 2. c4 c5 3. Nc3 Nc6 4. Nf3 d6 5. d4 cxd4 6. Nxd4 Be7 7. Be3 Nf6 8. Be2 O-O 9. O-O Bd7 10. Ndb5 Be8 11. f4 a6 12. Nd4 Bd7 13. Qd2 Qc7 14. Rad1 Rad8 15. a3 Na5 16. Qd3 e5 17. Nf3 Be6 18. Nd5 Bxd5 19. cxd5 b5 20. Rc1 Qb8 21. fxe5 dxe5 22. Qc3 Ng4 23. Bg5 Qb6+ 24. Kh1 Bxg5 25. Nxg5 Nf2+ 26. Rxf2 Qxf2 27. Bf1 Nc4 28. Bxc4 bxc4 29. Nf3 f6 30. Qxc4 Qxb2 31. d6+ Kh8 32. Rd1 Qxa3 33. d7 Qe7 34. Qc7 Rf7 35. Qc8 a5 36. Rd6 Rff8 37. Qc6 a4 38. Nh4 g6 39. Rxf6 Rxf6 0-1

[Event "Winnipeg February Sect-B"]
[Site "Winnipeg CAN"]
[Date "2008.02.09"]
[Round "2"]
[White "Greenberg, Harley"]
[Black "Gannon, Keith"]
[Result "1-0"]
[WhiteElo "1784"]
[BlackElo "1678"]
[PlyCount "103"]
[GameId "2160767910413564"]
[EventDate "2008.02.10"]
[EventType "tourn"]
[EventRounds "5"]
[EventCountry "CAN"]
[SourceTitle "EXT 2019"]
[Source "ChessBase"]
[SourceDate "2018.10.10"]
[SourceVersion "1"]
[SourceVersionDate "2018.10.10"]
[SourceQuality "1"]

1. d4 d5 2. c4 e6 3. Nf3 Nf6 4. Nc3 Be7 5. Bg5 b6 6. e3 Bb7 7. cxd5 Nxd5 8. Bxe7 Qxe7 9. Rc1 O-O 10. a3 a5 11. Qc2 c6 12. Bd3 g6 13. O-O Nd7 14. Nxd5 exd5 15. e4 dxe4 16. Bxe4 Rac8 17. Rfe1 Qd6 18. Qd2 Rfe8 19. Re3 Nf6 20. Rce1 Nxe4 21. Rxe4 Rxe4 22. Rxe4 c5 23. Rh4 Bxf3 24. gxf3 h5 25. Qh6 Qf8 26. Qg5 Qg7 27. dxc5 bxc5 28. Qd2 Qf6 29. Ra4 Rd8 30. Qe3 Qxb2 31. Rxa5 c4 32. Kg2 c3 33. Qe5 Qd2 34. Qc7 c2 35. Rc5 Rd7 36. Qb8+ Kh7 37. Qb2 c1=Q 38. Qxc1 Qxc1 39. Rxc1 g5 40. Rc6 Kg7 41. Kg3 Rd4 42. Rc5 h4+ 43. Kg2 f6 44. Rb5 Kg6 45. Rc5 Rf4 46. h3 Rd4 47. Rb5 Rd6 48. Rb4 Kf5 49. Rb5+ Ke6 50. f4 Rd5 51. Rxd5 Kxd5 52. Kf3 1-0

[Event "Winnipeg February Sect-B"]
[Site "Winnipeg CAN"]
[Date "2008.02.09"]
[Round "2"]
[White "Kong, Dezheng"]
[Black "Wiebe, Daniel"]
[Result "0-1"]
[WhiteElo "1807"]
[BlackElo "1848"]
[PlyCount "64"]
[GameId "2160767910413565"]
[EventDate "2008.02.10"]
[EventType "tourn"]
[EventRounds "5"]
[EventCountry "CAN"]
[SourceTitle "EXT 2019"]
[Source "ChessBase"]
[SourceDate "2018.10.10"]
[SourceVersion "1"]
[SourceVersionDate "2018.10.10"]
[SourceQuality "1"]

1. c4 e5 2. Nc3 Nf6 3. Nf3 Nc6 4. g3 Bc5 5. Bg2 d6 6. O-O Be6 7. b3 Qd7 8. Ng5 Bf5 9. Bb2 h6 10. Nge4 Bb6 11. Nxf6+ gxf6 12. Nd5 O-O-O 13. Nxf6 Qe6 14. Nd5 Bh3 15. b4 Bxg2 16. Kxg2 h5 17. Qb3 h4 18. Rh1 Qf5 19. Nxb6+ axb6 20. f3 Rdf8 21. Rae1 Rhg8 22. Kf2 e4 23. a3 Ne5 24. Bxe5 Qxe5 25. Rhg1 exf3 26. exf3 hxg3+ 27. hxg3 Qd4+ 28. Kg2 Qxd2+ 29. Kh3 Rh8+ 30. Kg4 Rhg8+ 31. Kh5 Rh8+ 32. Kg4 Rfg8+ 0-1

[Event "Winnipeg February Sect-B"]
[Site "Winnipeg CAN"]
[Date "2008.02.09"]
[Round "2"]
[White "Rutter, Blair"]
[Black "Green, Jim"]
[Result "1-0"]
[WhiteElo "1809"]
[BlackElo "1695"]
[PlyCount "77"]
[GameId "2160767910413566"]
[EventDate "2008.02.10"]
[EventType "tourn"]
[EventRounds "5"]
[EventCountry "CAN"]
[SourceTitle "EXT 2019"]
[Source "ChessBase"]
[SourceDate "2018.10.10"]
[SourceVersion "1"]
[SourceVersionDate "2018.10.10"]
[SourceQuality "1"]

1. d4 d5 2. c4 c6 3. Nc3 Nf6 4. e3 a6 5. Bd3 g6 6. Qc2 Bg7 7. Nge2 O-O 8. Bd2 Nbd7 9. f4 dxc4 10. Bxc4 b5 11. Bd3 c5 12. Ng3 Bb7 13. O-O cxd4 14. exd4 Rc8 15. Qb3 e6 16. Nce2 Nb6 17. h3 Qd7 18. Rad1 Bd5 19. Qa3 Qb7 20. Rf2 Rfd8 21. Be3 Nc4 22. Bxc4 Rxc4 23. b3 Rc2 24. Rd2 Rdc8 25. Rxc2 Rxc2 26. Qd6 Rxa2 27. Qd8+ Ne8 28. Qxe8+ Bf8 29. h4 f5 30. h5 Rc2 31. hxg6 Rc8 32. gxh7+ Kxh7 33. Qh5+ Bh6 34. Nxf5 exf5 35. Qxf5+ Kg7 36. Ng3 Bf7 37. d5 Kg8 38. Ne4 Rd8 39. Nf6+ 1-0

[Event "Winnipeg February Sect-B"]
[Site "Winnipeg CAN"]
[Date "2008.02.09"]
[Round "3"]
[White "Gannon, Keith"]
[Black "Rutter, Blair"]
[Result "1/2-1/2"]
[WhiteElo "1678"]
[BlackElo "1809"]
[PlyCount "114"]
[GameId "2160767910413567"]
[EventDate "2008.02.10"]
[EventType "tourn"]
[EventRounds "5"]
[EventCountry "CAN"]
[SourceTitle "EXT 2019"]
[Source "ChessBase"]
[SourceDate "2018.10.10"]
[SourceVersion "1"]
[SourceVersionDate "2018.10.10"]
[SourceQuality "1"]

1. e4 e6 2. d4 d5 3. e5 c5 4. c3 Nc6 5. Nf3 Bd7 6. Bd3 Qb6 7. Bc2 cxd4 8. cxd4 Rc8 9. O-O Nb4 10. Nc3 Nxc2 11. Qxc2 Ne7 12. Be3 Nf5 13. Rac1 g6 14. Qd2 Be7 15. a3 Qb3 16. Nd1 O-O 17. Rxc8 Rxc8 18. Nc3 Bxa3 19. Nxd5 exd5 20. bxa3 Qxa3 21. Re1 a6 22. h3 Qc3 23. Qxc3 Rxc3 24. Rc1 Rxc1+ 25. Bxc1 a5 26. g4 Ng7 27. Nd2 Ne6 28. Bb2 Bb5 29. Nb3 b6 30. Kh2 Be2 31. Kg3 Ng5 32. f4 Ne4+ 33. Kg2 a4 34. Nc1 Bc4 35. f5 b5 36. Ba3 Nc3 37. e6 fxe6 38. fxe6 Nb1 39. e7 Kf7 40. Bb4 a3 41. Kf3 a2 42. Nxa2 Bxa2 43. Kf4 h6 44. Ke5 Bc4 45. Kd6 Ke8 46. h4 Be2 47. g5 hxg5 48. hxg5 Bc4 49. Ke6 Bb3 50. Kf6 Bc2 51. Ke6 Bb3 52. Kd6 Ba2 53. Kc6 Nd2 54. Bxd2 Kxe7 55. Kxb5 Ke6 56. Kc5 Kf5 57. Bc1 Bc4 1/2-1/2

[Event "Winnipeg February Sect-B"]
[Site "Winnipeg CAN"]
[Date "2008.02.09"]
[Round "3"]
[White "Green, Jim"]
[Black "Kong, Dezheng"]
[Result "0-1"]
[WhiteElo "1695"]
[BlackElo "1807"]
[PlyCount "67"]
[GameId "2160767910413568"]
[EventDate "2008.02.10"]
[EventType "tourn"]
[EventRounds "5"]
[EventCountry "CAN"]
[SourceTitle "EXT 2019"]
[Source "ChessBase"]
[SourceDate "2018.10.10"]
[SourceVersion "1"]
[SourceVersionDate "2018.10.10"]
[SourceQuality "1"]

1. e4 c5 2. Nf3 d6 3. Bb5+ Bd7 4. Bxd7+ Qxd7 5. O-O Nc6 6. d4 cxd4 7. Nxd4 Nf6 8. Nc3 e6 9. f4 Be7 10. Be3 O-O 11. a3 Rac8 12. Qe2 a6 13. Rad1 Qc7 14. Nb3 b5 15. h3 Rfe8 16. Qf2 Bf8 17. Kh1 Qb7 18. Qf3 Nd7 19. Rf2 Nb6 20. Bxb6 Qxb6 21. Rfd2 a5 22. Nd4 Nxd4 23. Rxd4 b4 24. axb4 axb4 25. Na4 Qc6 26. Qb3 Qxc2 27. Rxb4 d5 28. Qxc2 Rxc2 29. Rb7 dxe4 30. Nc3 e3 31. Re1 Bc5 32. Ne4 Bd4 33. b4 e2 34. Ng3 0-1

[Event "Winnipeg February Sect-B"]
[Site "Winnipeg CAN"]
[Date "2008.02.09"]
[Round "3"]
[White "Wiebe, Daniel"]
[Black "Greenberg, Harley"]
[Result "1-0"]
[WhiteElo "1848"]
[BlackElo "1784"]
[PlyCount "67"]
[GameId "2160767910413569"]
[EventDate "2008.02.10"]
[EventType "tourn"]
[EventRounds "5"]
[EventCountry "CAN"]
[SourceTitle "EXT 2019"]
[Source "ChessBase"]
[SourceDate "2018.10.10"]
[SourceVersion "1"]
[SourceVersionDate "2018.10.10"]
[SourceQuality "1"]

1. e4 c5 2. Nf3 d6 3. d4 cxd4 4. Nxd4 Nf6 5. Nc3 a6 6. Bc4 e6 7. Bb3 Be7 8. Bg5 O-O 9. Qf3 Nc6 10. O-O-O Bd7 11. Kb1 Rc8 12. h4 Na5 13. Rh3 Nxb3 14. axb3 b5 15. Rg3 b4 16. Bh6 Ne8 17. Nce2 e5 18. Nf5 Bxf5 19. Qxf5 g6 20. Bxf8 Kxf8 21. Qh3 h5 22. f4 Nf6 23. fxe5 Nxe4 24. exd6 Kg7 25. Rf3 Nxd6 26. Rfd3 Qc7 27. c3 Nf5 28. g4 Qe5 29. gxf5 Qxe2 30. f6+ Bxf6 31. Qxc8 a5 32. Qc4 bxc3 33. bxc3 a4 34. bxa4 1-0

[Event "Winnipeg February Sect-B"]
[Site "Winnipeg CAN"]
[Date "2008.02.10"]
[Round "4"]
[White "Greenberg, Harley"]
[Black "Rutter, Blair"]
[Result "1-0"]
[WhiteElo "1784"]
[BlackElo "1809"]
[PlyCount "43"]
[GameId "2160767910413570"]
[EventDate "2008.02.10"]
[EventType "tourn"]
[EventRounds "5"]
[EventCountry "CAN"]
[SourceTitle "EXT 2019"]
[Source "ChessBase"]
[SourceDate "2018.10.10"]
[SourceVersion "1"]
[SourceVersionDate "2018.10.10"]
[SourceQuality "1"]

1. d4 e6 2. c4 c5 3. d5 exd5 4. cxd5 d6 5. Nc3 Nf6 6. e4 Nbd7 7. Nf3 Be7 8. Bd3 Nb6 9. b3 Bg4 10. Bb2 Rc8 11. O-O c4 12. Be2 O-O 13. Nd4 Bxe2 14. Qxe2 Re8 15. Nf5 Bf8 16. f3 Nbxd5 17. Nxd5 Nxd5 18. Qd2 Nf6 19. Qg5 Rc7 20. Rfd1 Re6 21. e5 Rc5 22. Nh6+ 1-0

[Event "Winnipeg February Sect-B"]
[Site "Winnipeg CAN"]
[Date "2008.02.10"]
[Round "4"]
[White "Kong, Dezheng"]
[Black "Gannon, Keith"]
[Result "1-0"]
[WhiteElo "1807"]
[BlackElo "1678"]
[PlyCount "103"]
[GameId "2160767910413571"]
[EventDate "2008.02.10"]
[EventType "tourn"]
[EventRounds "5"]
[EventCountry "CAN"]
[SourceTitle "EXT 2019"]
[Source "ChessBase"]
[SourceDate "2018.10.10"]
[SourceVersion "1"]
[SourceVersionDate "2018.10.10"]
[SourceQuality "1"]

1. d4 g6 2. c4 Bg7 3. Nc3 Nf6 4. Nf3 d6 5. e4 O-O 6. Be2 Nbd7 7. O-O b6 8. Qc2 Bb7 9. Bf4 Ne8 10. Rad1 a6 11. e5 e6 12. Ne4 dxe5 13. dxe5 Qc8 14. Rd2 Bxe4 15. Qxe4 Nc5 16. Qc6 Qb7 17. Qxb7 Nxb7 18. b4 h6 19. Rfd1 Kh7 20. Nd4 c5 21. Bf3 cxd4 22. Bxb7 Ra7 23. Bc6 Rc7 24. Bxe8 Rxe8 25. Rxd4 Ree7 26. Bg3 h5 27. h4 Bh6 28. Bf4 Bxf4 29. Rxf4 Kg7 30. Kf1 Re8 31. Ke2 Rec8 32. Rdd4 Kf8 33. Kd3 Ke7 34. Rd6 Rb8 35. Rfd4 Ra7 36. Rc6 Rab7 37. Rdd6 Ke8 38. Ke4 a5 39. b5 Ke7 40. a4 Kf8 41. c5 bxc5 42. Rxc5 Ra8 43. Rcc6 Ke7 44. Kd4 Raa7 45. Kc5 Ra8 46. b6 Ke8 47. Rc7 Rxc7+ 48. bxc7 Ke7 49. Kc6 f6 50. exf6+ Kxf6 51. Rd8 Ra6+ 52. Kb7 1-0

[Event "Winnipeg February Sect-B"]
[Site "Winnipeg CAN"]
[Date "2008.02.10"]
[Round "4"]
[White "Wiebe, Daniel"]
[Black "Green, Jim"]
[Result "1-0"]
[WhiteElo "1848"]
[BlackElo "1695"]
[PlyCount "67"]
[GameId "2160767910413572"]
[EventDate "2008.02.10"]
[EventType "tourn"]
[EventRounds "5"]
[EventCountry "CAN"]
[SourceTitle "EXT 2019"]
[Source "ChessBase"]
[SourceDate "2018.10.10"]
[SourceVersion "1"]
[SourceVersionDate "2018.10.10"]
[SourceQuality "1"]

1. e4 d6 2. d4 Nf6 3. Nc3 c6 4. Nf3 Bg4 5. Bg5 Nbd7 6. Qd2 Bxf3 7. gxf3 h6 8. Bh4 Qb6 9. O-O-O O-O-O 10. f4 Nh7 11. e5 g5 12. fxg5 Nxg5 13. Bg3 d5 14. f4 Nh7 15. f5 e6 16. fxe6 fxe6 17. Bf4 Ng5 18. h4 Nf7 19. Bh3 Re8 20. Rhg1 c5 21. Nxd5 exd5 22. e6 Rxe6 23. Bxe6 Qxe6 24. Rge1 Qc6 25. Re8+ Nd8 26. dxc5 Nf6 27. Re2 Nf7 28. b4 h5 29. Qd4 Bh6 30. Re7 Bxf4+ 31. Qxf4 Nd7 32. Qxf7 Qh6+ 33. Kb1 Rf8 34. Qxd5 1-0

[Event "Winnipeg February Sect-B"]
[Site "Winnipeg CAN"]
[Date "2008.02.10"]
[Round "5"]
[White "Gannon, Keith"]
[Black "Wiebe, Daniel"]
[Result "1/2-1/2"]
[WhiteElo "1678"]
[BlackElo "1848"]
[PlyCount "58"]
[GameId "2160767910413573"]
[EventDate "2008.02.10"]
[EventType "tourn"]
[EventRounds "5"]
[EventCountry "CAN"]
[SourceTitle "EXT 2019"]
[Source "ChessBase"]
[SourceDate "2018.10.10"]
[SourceVersion "1"]
[SourceVersionDate "2018.10.10"]
[SourceQuality "1"]

1. Nf3 Nf6 2. Nc3 Nc6 3. d4 d5 4. e3 Bf5 5. Be2 Nb4 6. Bd3 Nxd3+ 7. cxd3 e6 8. Ne5 Be7 9. O-O O-O 10. Re1 Bb4 11. Bd2 Re8 12. a3 Bxc3 13. Bxc3 h6 14. Rc1 Nd7 15. Nxd7 Qxd7 16. e4 Bg6 17. f3 Rac8 18. Qb3 c6 19. Bb4 dxe4 20. dxe4 Qxd4+ 21. Kh1 Qb6 22. Qc2 a6 23. Bc5 Qc7 24. Qb3 b5 25. a4 Qe5 26. a5 f5 27. exf5 Qxf5 28. Qc3 e5 29. b4 Bf7 1/2-1/2

[Event "Winnipeg February Sect-B"]
[Site "Winnipeg CAN"]
[Date "2008.02.10"]
[Round "5"]
[White "Green, Jim"]
[Black "Greenberg, Harley"]
[Result "1-0"]
[WhiteElo "1695"]
[BlackElo "1784"]
[PlyCount "80"]
[GameId "2160767910413574"]
[EventDate "2008.02.10"]
[EventType "tourn"]
[EventRounds "5"]
[EventCountry "CAN"]
[SourceTitle "EXT 2019"]
[Source "ChessBase"]
[SourceDate "2018.10.10"]
[SourceVersion "1"]
[SourceVersionDate "2018.10.10"]
[SourceQuality "1"]

1. e4 c5 2. Nf3 Nc6 3. Bb5 g6 4. O-O Bg7 5. c3 e5 6. d4 Nge7 7. d5 Nb8 8. d6 Nec6 9. Bc4 O-O 10. Bg5 Qb6 11. Qd2 Nd8 12. Be7 Re8 13. Bxd8 Qxd8 14. Ng5 Rf8 15. f4 Nc6 16. Nxf7 Rxf7 17. Bxf7+ Kh8 18. f5 g5 19. Na3 Qf8 20. Bb3 Bf6 21. Nb5 a6 22. Nc7 Rb8 23. Qd5 b5 24. Qxc5 Bb7 25. Nd5 Na5 26. Nxf6 Qxf6 27. Qc7 Qd8 28. Qxd8+ Rxd8 29. Rae1 Nxb3 30. axb3 Rc8 31. Rf2 Kg7 32. g4 Kf6 33. Kg2 a5 34. Kf3 a4 35. bxa4 bxa4 36. Rfe2 Rc4 37. Re3 Rc5 38. Rh1 Rc6 39. h4 gxh4 40. Rxh4 Rxd6 1-0

[Event "Winnipeg February Sect-B"]
[Site "Winnipeg CAN"]
[Date "2008.02.10"]
[Round "5"]
[White "Rutter, Blair"]
[Black "Kong, Dezheng"]
[Result "1-0"]
[WhiteElo "1809"]
[BlackElo "1807"]
[PlyCount "61"]
[GameId "2160767910413575"]
[EventDate "2008.02.10"]
[EventType "tourn"]
[EventRounds "5"]
[EventCountry "CAN"]
[SourceTitle "EXT 2019"]
[Source "ChessBase"]
[SourceDate "2018.10.10"]
[SourceVersion "1"]
[SourceVersionDate "2018.10.10"]
[SourceQuality "1"]

1. c4 e5 2. g3 Nf6 3. Bg2 Nc6 4. Nc3 d6 5. e4 Be6 6. d3 Nd4 7. Be3 c5 8. Nge2 Be7 9. O-O O-O 10. h3 h6 11. f4 exf4 12. Nxf4 Nh7 13. Qd2 Bg5 14. Kh2 Bxf4 15. Rxf4 Qd7 16. h4 Nf6 17. Rxf6 gxf6 18. Bxh6 Rfe8 19. Rf1 Qe7 20. e5 dxe5 21. Ne4 Bf5 22. Qd1 Kh8 23. Be3 Bxe4 24. Bxe4 f5 25. Qh5+ Kg8 26. Bg5 f6 27. Bd5+ Ne6 28. Bxe6+ Qxe6 29. Qg6+ Kf8 30. Bxf6 Qf7 31. Qh6+ 1-0

[Event "Winnipeg February Sect-C"]
[Site "Winnipeg CAN"]
[Date "2008.02.08"]
[Round "1"]
[White "Letain, Cory"]
[Black "Remillard, John"]
[Result "1/2-1/2"]
[WhiteElo "1375"]
[BlackElo "1673"]
[PlyCount "63"]
[GameId "2160767910413576"]
[EventDate "2008.02.10"]
[EventType "swiss"]
[EventRounds "5"]
[EventCountry "CAN"]
[SourceTitle "EXT 2019"]
[Source "ChessBase"]
[SourceDate "2018.10.10"]
[SourceVersion "1"]
[SourceVersionDate "2018.10.10"]
[SourceQuality "1"]

1. d4 d5 2. c4 e6 3. Nf3 Bb4+ 4. Bd2 Bxd2+ 5. Nbxd2 Ne7 6. e3 O-O 7. Bd3 Nd7 8. Qc2 Nf6 9. Ng5 g6 10. O-O a6 11. c5 b5 12. b4 Nc6 13. a3 e5 14. dxe5 Nxe5 15. Rfd1 h6 16. Ngf3 Nxd3 17. Qxd3 Bf5 18. Qd4 Re8 19. Nh4 Ne4 20. Nxf5 gxf5 21. f3 Nxd2 22. Rxd2 c6 23. Rad1 Qg5 24. f4 Qg7 25. Qd3 Re4 26. Rf1 Rae8 27. Rf3 Kh7 28. Rg3 Qf6 29. Qe2 Qa1+ 30. Kf2 Qc3 31. Qd3 Qf6 32. Re2 1/2-1/2

[Event "Winnipeg February Sect-C"]
[Site "Winnipeg CAN"]
[Date "2008.02.08"]
[Round "1"]
[White "Swift, Ryne"]
[Black "Trinidad, Kris"]
[Result "1/2-1/2"]
[WhiteElo "1215"]
[BlackElo "1499"]
[PlyCount "92"]
[GameId "2160767910413578"]
[EventDate "2008.02.10"]
[EventType "swiss"]
[EventRounds "5"]
[EventCountry "CAN"]
[SourceTitle "EXT 2019"]
[Source "ChessBase"]
[SourceDate "2018.10.10"]
[SourceVersion "1"]
[SourceVersionDate "2018.10.10"]
[SourceQuality "1"]

1. e4 c5 2. Nf3 d6 3. d4 cxd4 4. Nxd4 Nf6 5. Nc3 a6 6. Be3 e6 7. f3 Be7 8. Qd2 O-O 9. O-O-O Nbd7 10. g4 Ne5 11. h4 Qc7 12. Qe2 b5 13. Rg1 Bb7 14. g5 Nfd7 15. f4 Nc4 16. Qf2 Rac8 17. Bxc4 Qxc4 18. Qe2 Qc7 19. h5 e5 20. Nf5 Nc5 21. Bxc5 dxc5 22. Nxe7+ Qxe7 23. f5 f6 24. g6 h6 25. Nd5 Bxd5 26. Rxd5 Rfd8 27. Rgd1 Rxd5 28. Rxd5 Kf8 29. Qd2 c4 30. Rd7 c3 31. Qd6 Qxd6 32. Rxd6 a5 33. b3 Ke7 34. Rd5 Rb8 35. Rc5 b4 36. Rxa5 Rb7 37. Rc5 Kd6 38. Rc4 Ra7 39. Kb1 Rb7 40. a3 bxa3 41. Rxc3 Rb4 42. Re3 Kc5 43. Ka2 Kd4 44. Rh3 Rb7 45. Rh4 Kc3 46. Rh3+ Kd4 1/2-1/2

[Event "Winnipeg February Sect-C"]
[Site "Winnipeg CAN"]
[Date "2008.02.08"]
[Round "1"]
[White "Wierda, John"]
[Black "Crawford, Gary"]
[Result "1-0"]
[WhiteElo "1642"]
[BlackElo "1326"]
[PlyCount "46"]
[GameId "2160767910413579"]
[EventDate "2008.02.10"]
[EventType "swiss"]
[EventRounds "5"]
[EventCountry "CAN"]
[SourceTitle "EXT 2019"]
[Source "ChessBase"]
[SourceDate "2018.10.10"]
[SourceVersion "1"]
[SourceVersionDate "2018.10.10"]
[SourceQuality "1"]

1. e4 c5 2. c3 Nf6 3. e5 Nd5 4. d4 e6 5. Nf3 cxd4 6. cxd4 Bb4+ 7. Bd2 Qa5 8. Qc2 Nc6 9. Nc3 O-O 10. Bd3 g6 11. O-O Nxc3 12. bxc3 Be7 13. h4 d6 14. h5 dxe5 15. hxg6 exd4 16. gxh7+ Kg7 17. cxd4 Nxd4 18. Bxa5 Nxc2 19. Bxc2 b6 20. Be4 Rb8 21. Bc3+ f6 22. Rac1 Kf7 23. g3 f5 1-0

[Event "Winnipeg February Sect-C"]
[Site "Winnipeg CAN"]
[Date "2008.02.09"]
[Round "2"]
[White "Magnusson, Saul"]
[Black "Wierda, John"]
[Result "0-1"]
[WhiteElo "1485"]
[BlackElo "1642"]
[PlyCount "96"]
[GameId "2160767910413581"]
[EventDate "2008.02.10"]
[EventType "swiss"]
[EventRounds "5"]
[EventCountry "CAN"]
[SourceTitle "EXT 2019"]
[Source "ChessBase"]
[SourceDate "2018.10.10"]
[SourceVersion "1"]
[SourceVersionDate "2018.10.10"]
[SourceQuality "1"]

1. e4 e6 2. d3 d5 3. Nd2 Nf6 4. g3 dxe4 5. dxe4 Bc5 6. Bg2 O-O 7. Ngf3 c6 8. O-O Ng4 9. Qe2 b5 10. Nb3 Bb6 11. Ng5 e5 12. Nf3 Qc7 13. c4 bxc4 14. Qxc4 Ba6 15. Qc2 Bxf1 16. Kxf1 Bxf2 17. Qe2 Bb6 18. h3 Nf6 19. Bg5 Nbd7 20. Rc1 h6 21. Bd2 a5 22. Bc3 a4 23. Nbd2 Nh5 24. Qe1 Qa7 25. Nc4 Qa6 26. Bb4 Bc5 27. Bxc5 Nxc5 28. Nfxe5 f6 29. Ng6 Nd3 30. Qe3 Nxc1 31. Qxc1 Rfe8 32. Kg1 Qa7+ 33. Kh2 Qc7 34. Qc3 Kh7 35. e5 fxe5 36. Be4 Nf6 37. Qf3 Nxe4 38. Qxe4 Kg8 39. Ncxe5 Rxe5 40. Nxe5 Re8 41. Qc4+ Kh8 42. Ng6+ Kh7 43. Qd3 Kg8 44. h4 Qf7 45. a3 Qd5 46. Qc2 Qe4 47. Qxe4 Rxe4 48. Nf4 Rd4 0-1